[Event "Sydney Open 2019"]
[Site "Sydney"]
[Date "2019.04.26"]
[Round "5.2"]
[White "Puccini, Jack"]
[Black "Fernandez, Daniel Howard"]
[Result "1/2-1/2"]
[WhiteElo "2261"]
[BlackElo "2467"]
[Annotator "TA"]
[PlyCount "115"]
[EventDate "2019.04.24"]
[EventType "swiss"]
[EventCountry "AUS"]
[SourceTitle "playchess.com"]
[Source "ChessBase"]
[SourceQuality "1"]

{[%evp 10,115,47,38,62,52,50,51,49,33,43,28,18,16,27,24,30,27,47,32,16,17,20,22,16,0,0,0,0,0,0,0,0,0,0,0,0,0,0,0,0,0,0,0,0,0,64,66,60,0,0,0,0,0,0,0,0,0,0,0,0,0,0,0,0,0,0,0,0,0,0,0,0,0,0,0,0,0,0,0,0,0,0,0,0,0,0,0,0,0,0,0,0,0,0,0,0,0,0,0,0,0,0,0,0,0,0,-29987]} 1. e4 g6 2. d4 Bg7 3. Nf3 d6 4. Bc4 e6 5. Bb3 Ne7 6. O-O Nd7 {B06: Modern Defence} 7. Re1 O-O 8. c3 b6 {White is slightly better.} (8... a6 9. Nbd2 b5 10. Nf1 c5 11. Ng3 Bb7 12. Bf4 e5 13. Be3 exd4 14. cxd4 {0-1 (40) Grandelius,N (2653)-Dubov,D (2677) Germany 2017}) 9. Nbd2 h6 10. h4 $146 ({Predecessor:} 10. Nf1 Bb7 11. Ng3 c5 12. h4 cxd4 13. cxd4 Nf6 {½-½ (93) Epishin,V (2553)-Nevednichy,V (2523) Creon 2011}) 10... c5 11. Nf1 Nf6 12. Ng3 cxd4 13. cxd4 Nc6 14. h5 Nxh5 15. Nxh5 gxh5 16. Be3 Na5 17. g3 Nxb3 18. axb3 Bb7 19. d5 exd5 20. Nh4 Re8 21. Qxh5 Qf6 22. Nf5 {[#] Black must now prevent Bd4.} Rxe4 ({Reject} 22... dxe4 $6 23. Bd4 $16) 23. Bxh6 Bxh6 24. Nxh6+ Kf8 25. Ng4 Qg7 26. Rxe4 $1 dxe4 27. Rd1 Rd8 ({Wrong is} 27... Qxb2 $2 28. Qh6+ Qg7 29. Qxd6+ Kg8 30. Nf6+ Kh8 {[#]} 31. Qe7 $1 $18 {[%mdl 512]}) (27... Re8 $11) 28. Qh4 $1 $14 {[%cal Rh4d8]} Re8 $1 29. Rxd6 (29. Ne3 $1 $14 Qg6 30. Ra1) 29... e3 $1 $11 {[%cal Re3e2] The position is equal.} 30. Nxe3 Qxb2 31. Qh6+ Qg7 32. Qxg7+ Kxg7 {[%mdl 4096] Endgame KRB-KRN} 33. Rd7 Bf3 34. Rxa7 Rc8 {Hoping for ...Rc1+.} 35. g4 Rh8 {[%csl Gf3][%cal Rh8h1]} 36. Nf5+ Kg6 {[%csl Gf3][%cal Rh8h1]} (36... Kf6 $5 37. Ng3 $8 Rg8 $11) 37. Ng3 Re8 38. Ra4 Kg5 39. Rb4 Re6 40. Nf5 Bxg4 41. Ne3 Bf3 42. Rb5+ Kg6 43. Nc4 {And now Ne5+ would win.} Be2 44. Rb4 Bxc4 45. Rxc4 {KR-KR} Kf5 46. Kg2 Ke5 47. Kf3 Kd5 48. Rf4 f6 49. Rf5+ Kc6 50. Kg3 b5 51. b4 Re4 52. Rxf6+ Kd5 53. Rf4 Rxf4 54. Kxf4 {Threatening mate with Kg5.} Kc4 55. Ke5 Kxb4 56. f4 {Intending f5 and mate.} Kc3 57. f5 {f6 would kill now.} b4 58. Ke4 $2 {[%mdl 40960] Accuracy: White = 73%, Black = 78%. . An unexpected result.} (58. f6 $11 b3 59. f7) 1/2-1/2

[Event "Sydney Open 2019"]
[Site "Sydney"]
[Date "2019.04.26"]
[Round "5.3"]
[White "Gong, Daniel Hanwen"]
[Black "Ikeda, Junta"]
[Result "1/2-1/2"]
[WhiteElo "2246"]
[BlackElo "2441"]
[Annotator "TA"]
[PlyCount "138"]
[EventDate "2019.04.24"]
[EventType "swiss"]
[EventCountry "AUS"]
[SourceTitle "playchess.com"]
[Source "ChessBase"]
[SourceQuality "1"]

{[%evp 10,138,1,-6,1,-9,-2,-7,-5,-5,-5,-3,-2,-3,-3,-4,-4,-5,-4,0,5,-28,-16,-31,-28,-29,-12,-8,-10,-113,-91,-89,-89,-109,-75,-74,-93,-150,-138,-143,-144,-162,-148,-143,8,6,15,0,0,0,0,0,0,0,0,0,0,0,-4,-10,0,0,0,0,0,0,0,0,0,0,0,0,0,0,0,-8,0,-16,0,-6,-8,-10,-4,-21,-14,-102,-102,-102,-102,-102,-102,-102,-93,-97,-13,-42,0,-14,0,0,0,-16,0,0,0,0,0,0,0,0,0,0,0,0,0,0,0,0,0,0,0,0,0,0,0,0,0,0,0,0,0]} 1. d4 Nf6 2. Bf4 e6 3. e3 d5 4. Nf3 Bd6 5. Bg3 O-O 6. Nbd2 c5 {D02: 1 d4 d5 2 Nf3 sidelines, including 2...Nf6 3 g3 and 2...Nf6 3 Bf4} (6... b6 7. c3 c5 8. Bd3 Ba6 9. Bxa6 Nxa6 10. O-O Bxg3 11. hxg3 Qc7 12. Qe2 Nb8 13. e4 dxe4 14. Nxe4 Nbd7 {1-0 (55) Duda,J (2738)-Giri,A (2783) St Petersburg 2018}) 7. c3 Qc7 8. Ne5 b6 9. Bd3 Ba6 10. Bxa6 Nxa6 11. Qe2 Nb8 12. O-O Nc6 13. Nxc6 Bxg3 14. hxg3 Qxc6 15. Rfe1 $146 ({Predecessor:} 15. Rfc1 c4 {0-1 (60) Steinhagen,D (2009)-Schroeder,W (2234) Dortmund 1999}) 15... Rfe8 16. dxc5 bxc5 17. e4 c4 18. Qf3 Nd7 19. e5 (19. Re3 $11 {remains equal.}) 19... Qc7 20. Qe3 Rec8 21. Nf3 Nc5 22. Nd4 Rab8 23. Re2 (23. Rab1 $142) 23... Rb7 24. f4 Rcb8 25. Rb1 Rb6 26. g4 f6 $2 (26... a5 $17 27. g3 a4) 27. exf6 $11 gxf6 28. g5 fxg5 29. f5 {[%cal Rd4e6] [#]} e5 $1 {[%mdl 512]} 30. Qxe5 Qxe5 31. Rxe5 Rxb2 32. Rxb2 Rxb2 33. Rxd5 {[%mdl 4096] Endgame KRN-KRN} Ne4 34. Rd7 g4 35. Kh2 h5 36. Re7 $1 {[%cal Re7e4]} Nxc3 37. f6 Rf2 ({Don't blunder} 37... Rxa2 $2 38. Ne6 $18) 38. Rg7+ Kh8 {Strongly threatening ...Ne4.} 39. Rxa7 Rxf6 40. Rc7 Ne4 41. Rxc4 g3+ 42. Kg1 $1 Nd2 {[%csl Gd2][%cal Rf6f1]} 43. Rc1 h4 44. Nb3 Ne4 45. Rc4 Re6 46. Kf1 Kg7 47. Rd4 (47. a4 $11 {keeps the balance.}) 47... Rf6+ $1 $17 48. Kg1 {[#]} Nc3 $1 {[%cal Rc3e2]} 49. Rd2 Kg6 50. Nc1 Kg5 51. Ne2 {[#]} Re6 (51... Ne4 $1 $17 {[%cal Re4d2]} 52. Rd5+ Kg6) 52. Kf1 $11 Ne4 53. Rd4 {The position is equal.} Rf6+ 54. Ke1 Re6 {...Nc3 is the strong threat.} 55. Kf1 Kf5 {With the idea ...Rb6.} 56. Rd5+ Kg4 {Hoping for ...Rb6.} 57. Rd4 {Black must now prevent Nc3.} Kf5 {aiming for ...Rb6.} 58. Rd5+ Kg4 59. Rd4 h3 60. gxh3+ Kxh3 61. Kg1 {Threatens to win with Nf4+.} Rb6 62. Nf4+ Kg4 63. Rxe4 {And now Nd5+ would win. KRN-KR} Kf3 {( -> ...Rb1+)} 64. Re3+ Kxf4 (64... Kxe3 $5 65. Nd5+ $8 {[%mdl 64] Double Attack} Kd4 66. Nxb6 Kc5 $11) 65. Rb3 Rc6 66. Rb8 Rc1+ 67. Kg2 Rc2+ {[%mdl 64] Double Attack} 68. Kg1 Rxa2 69. Rf8+ Kg4 {Accuracy: White = 60%, Black = 61%.} 1/2-1/2

[Event "Sydney Open 2019"]
[Site "Sydney"]
[Date "2019.04.26"]
[Round "5.4"]
[White "McClymont, Brodie"]
[Black "Lane, Gary W"]
[Result "0-1"]
[WhiteElo "2360"]
[BlackElo "2357"]
[Annotator "TA"]
[PlyCount "92"]
[EventDate "2019.04.24"]
[EventType "swiss"]
[EventCountry "AUS"]
[SourceTitle "playchess.com"]
[Source "ChessBase"]
[SourceQuality "1"]

{[%evp 31,92,19,5,25,47,8,29,0,0,0,0,0,0,0,0,0,0,0,0,0,0,0,0,0,0,-26,-15,-145,-70,-72,0,0,0,0,0,0,0,0,0,0,0,-8,0,0,0,-24,0,0,0,-32,-28,-125,-118,-237,-271,-4140,-4890,-7766,-7058,-6297,-6162,-6079,-503]} 1. e4 e5 2. Nf3 Nc6 3. Bb5 a6 4. Ba4 Nf6 5. O-O b5 6. Bb3 Bb7 7. c3 Nxe4 8. d4 Na5 9. Bc2 exd4 10. b4 Nc4 11. Bxe4 Bxe4 12. Re1 d5 13. Nxd4 c5 14. bxc5 Bxc5 15. f3 O-O 16. fxe4 dxe4 17. Rxe4 {C78: Ruy Lopez: Archangelsk and Möller Defences} Qd5 $1 {[%cal Rd5e4]} 18. Qf3 b4 (18... Ne5 19. Qf5 Rae8 20. Nd2 g6 21. Qf4 b4 22. Bb2 bxc3 23. Bxc3 Nc6 24. Kh1 Bxd4 25. Rxd4 Nxd4 26. Bxd4 {1-0 (41) Shirov,A (2719)-Tomashevsky,E (2708) Khanty-Mansiysk 2009}) 19. Kf1 {a3 is the strong threat.White has an edge.} Rad8 $1 20. Qf5 Qd6 $1 {Strongly threatening ...bxc3.} ({But not} 20... Qxf5+ $6 21. Nxf5 Rd1+ 22. Ke2 $16) 21. Nd2 ({Don't blunder} 21. Rh4 $2 h6 $19) 21... g6 $1 {[%cal Rg6f5]} 22. Nxc4 gxf5 23. Nxd6 fxe4 24. Nxe4 Bxd4 25. cxd4 Rxd4 26. Nf6+ $146 Kg7 27. Bb2 Rd2 $1 {[%cal Rd2b2]} 28. Be5 {aiming for Ne4+.} (28. Bc1 $5 {[%cal Rf6h5]} Rd1+ 29. Ke2 Rxc1 30. Rxc1 Kxf6 31. Rc6+ Kg5 32. Rxa6 $11) 28... Kg6 29. g4 {[#]} (29. Bf4 $11 Rdd8 30. Be5) 29... Rfd8 (29... Rc8 $1 $17 {Threatens to win with ...Rcc2.} 30. h4 Rc4) 30. h4 $15 Rd1+ ({Black should try} 30... Rc2 $17) 31. Rxd1 $11 Rxd1+ 32. Ke2 Rg1 33. Kf2 Rh1 34. Kg3 Rg1+ 35. Kf2 Rh1 36. Nd5 {Intending Nf4+ and mate.} (36. h5+ {seems wilder.} Kg5 37. Kg3 Rg1+ 38. Kf2 Rh1) 36... Rxh4 37. Kg3 Rh1 38. Nxb4 a5 39. Nd5 Rd1 40. Nc3 Rd2 {[%mdl 1024] And now ...f6 would win. Black has compensation.} 41. g5 (41. Kf4 $11 {remains equal.}) 41... Kf5 $17 42. Bf6 {[#]} (42. Bg7 $17) 42... h6 $1 $19 {[%mdl 512]} 43. a4 $2 (43. Kf3 Rd3+ 44. Ke2) (43. gxh6 Rd3+) 43... hxg5 {Black is clearly winning.} 44. Bh8 f6 45. Nb5 Rd8 46. Bg7 Ke5 {Accuracy: White = 34%, Black = 73%.} (46... Kg6 $142 47. Bxf6 Rd3+ 48. Kf2 Kxf6) 0-1

[Event "Sydney Open 2019"]
[Site "Sydney"]
[Date "2019.04.26"]
[Round "5.5"]
[White "Padmini, Rout"]
[Black "Johansen, Darryl K"]
[Result "1/2-1/2"]
[WhiteElo "2364"]
[BlackElo "2364"]
[Annotator "TA"]
[PlyCount "70"]
[EventDate "2019.04.24"]
[EventType "swiss"]
[EventCountry "AUS"]
[SourceTitle "playchess.com"]
[Source "ChessBase"]
[SourceQuality "1"]

{[%evp 21,70,0,0,-12,54,60,72,74,77,77,77,77,77,77,79,87,66,56,73,60,68,49,74,37,81,74,72,74,62,57,83,80,76,76,86,83,75,30,38,0,56,9,21,0,0,0,25,0,0,0,31]} 1. e4 c5 2. Nf3 d6 3. d4 Nf6 4. Nc3 cxd4 5. Nxd4 Nc6 6. Bg5 e6 7. Qd2 a6 8. O-O-O h6 9. Bf4 Bd7 10. Nxc6 Bxc6 11. f3 d5 12. Qe3 {[#] aiming for exd5. B66: Sicilian: Richter-Rauzer: 7...a6 8 0-0-0 h6} (12. Qe1 Bb4 13. a3 Ba5 14. b4 Bb6 15. exd5 Bxd5 16. Be5 O-O 17. Qh4 Be3+ 18. Kb2 Bg5 19. Qd4 Bc6 20. a4 Qxd4 21. Bxd4 Rfc8 22. Kb3 Nd7 23. a5 Rc7 24. Ne4 Bxe4 25. fxe4 Bf6 26. c4 Bxd4 27. Rxd4 {1-0 (50) Sadzikowski,D (2551)-Ivanchuk,V (2728) Izmir 2016}) 12... Be7 $146 (12... Qa5 $11) ({Predecessor:} 12... Qa5 13. exd5 Nxd5 14. Qe5 Rd8 15. Be3 b5 16. Nxd5 Bxd5 17. a3 b4 18. Bd2 Qa4 19. Bxb4 Bxb4 20. Qxg7 {0-1 (34) Bentancurt,J (2361)-Chacon,P (2468) Argentina 2000}) 13. exd5 Nxd5 14. Nxd5 {White is better.} Bxd5 {[#]} 15. Bc4 $1 O-O 16. Bxd5 exd5 17. Qe5 Re8 18. Qxd5 Qb6 19. Qb3 Qf6 20. Bg3 b5 21. Rhe1 Bf8 22. Kb1 Rad8 23. Rxd8 Rxd8 24. a3 Qc6 25. Qe3 b4 26. axb4 Bxb4 27. c3 Bf8 28. Qe4 Qb6 {Threatens to win with ...Rd2!} 29. Kc2 Qb5 30. Bf4 a5 (30... Rd7 $1 $11 31. Be5 Re7) 31. b3 g6 32. Qe2 Qf5+ 33. Qe4 Qb5 34. Qe2 Qf5+ 35. Qe4 {Qxf5 is the strong threat.} Qb5 {Accuracy: White = 63%, Black = 55%.} 1/2-1/2

[Event "Sydney Open 2019"]
[Site "Sydney"]
[Date "2019.04.26"]
[Round "5.6"]
[White "Xie, George Wendi"]
[Black "Barker, Geoff"]
[Result "1/2-1/2"]
[WhiteElo "2359"]
[BlackElo "2114"]
[Annotator "TA"]
[PlyCount "92"]
[EventDate "2019.04.24"]
[EventType "swiss"]
[EventCountry "AUS"]
[SourceTitle "playchess.com"]
[Source "ChessBase"]
[SourceQuality "1"]

{[%evp 13,92,7,3,4,33,24,35,48,48,44,54,41,45,22,56,18,13,0,2,0,5,2,29,8,8,8,11,11,9,4,10,4,28,0,0,0,-18,-37,-35,-37,-37,-44,0,0,0,0,0,-19,-19,-19,0,-19,0,-29,0,-22,-29,-29,-29,-169,-170,-159,-63,-68,-61,-64,-67,-76,-53,-55,-56,-85,-84,-78,0,-77,0,-83,0,-72,0]} 1. e4 e6 2. d4 d5 3. Nc3 dxe4 4. Nxe4 Be7 5. Nf3 Nf6 6. Nxf6+ Bxf6 7. Bd3 c5 8. dxc5 {C10: French with 3 Nc3: Unusual Black 3rd moves and 3...dxe4} Qc7 (8... Nd7 9. O-O Nxc5 10. Bb5+ Bd7 11. Qe2 O-O 12. Be3 Bxb5 13. Qxb5 b6 14. Rad1 Qe8 15. Qb4 a5 16. Qa3 Qc6 17. Bd4 Bxd4 18. Nxd4 Qa4 19. Qc3 {1-0 (60) Vera Siguenas,D (2526)-Palencia Morales,G (2343) Medellin 2017}) 9. Nd2 Nd7 10. Ne4 {White is slightly better.} Nxc5 11. Nxf6+ gxf6 12. O-O $146 ({Predecessor:} 12. Be3 Nxd3+ 13. Qxd3 Bd7 14. O-O Bc6 15. Rad1 a6 {1-0 (25) Tari,A (2295)-Thorstensen,T (2241) Norway 2012}) 12... Nxd3 13. cxd3 Qc6 14. Bf4 Bd7 15. Qb3 Rg8 {[%csl Gg8][%cal Rc6g2] [#]} 16. Bg3 Rc8 17. d4 Rg5 18. h4 Rb5 19. Qe3 Qd5 20. b3 Bc6 {[%csl Gc6][%cal Rd5g2] [#]} 21. f3 Rd8 22. Rad1 Qf5 23. Rc1 Rbd5 24. Rfd1 e5 25. Qe1 Rxd4 26. Rxd4 Rxd4 27. Bf2 Rd7 28. Bxa7 Qd3 29. Be3 f5 30. Kh2 f6 31. Bh6 Qd4 32. Rc4 Qd5 33. Qb4 {[%csl Gh6][%cal Rb4f8]} Re7 34. Be3 f4 35. Bc1 Qg8 {aiming for ...Qg3+.} 36. Kg1 (36. Ba3 $11 {and White has nothing to worry.} Rd7 37. Qe1) 36... Rd7 $36 {[%mdl 2048] Black is on the roll.} 37. Qe1 Qg3 (37... Bxf3 $1 $17 {[%csl Gf3][%cal Rg8g2]} 38. Rc8+ Rd8 39. Rxd8+ Kxd8 40. Qd2+ Ke8) 38. Bd2 $1 $15 Qxe1+ 39. Bxe1 {[%mdl 4096] Endgame KRB-KRB} Rd1 40. Kf2 Ra1 41. a4 Kd7 42. Rc5 Ra2+ 43. Kg1 Ra1 44. Kf2 Ra2+ 45. Kg1 $1 Ra1 46. Kf2 Ra2+ {Accuracy: White = 39%, Black = 42%.} ({Black should play} 46... Rb1 $17 47. Rc3 Kd6) 1/2-1/2

[Event "Sydney Open 2019"]
[Site "Sydney"]
[Date "2019.04.26"]
[Round "6.1"]
[White "Fernandez, Daniel Howard"]
[Black "Kunte, Abhijit"]
[Result "1/2-1/2"]
[WhiteElo "2467"]
[BlackElo "2485"]
[Annotator "TA"]
[PlyCount "90"]
[EventDate "2019.04.24"]
[EventType "swiss"]
[EventCountry "AUS"]
[SourceTitle "playchess.com"]
[Source "ChessBase"]
[SourceQuality "1"]

{[%evp 9,90,10,25,6,2,3,7,6,17,8,9,6,24,20,10,-10,2,-20,-20,-34,-21,-27,-34,-20,-27,-37,0,0,0,0,0,0,0,-1,0,0,0,-20,-13,-19,-22,-17,-6,-11,-12,-12,-12,-16,-16,-24,-24,-42,-13,-48,-15,-11,-21,-15,-11,-10,-9,-9,-9,-10,-8,-14,-6,-6,-7,-6,-6,-18,-6,-6,-5,-9,-8,-8,0,0,0,-8,0]} 1. Nf3 Nf6 2. c4 b6 3. g3 Bb7 4. Bg2 c5 5. O-O g6 6. a3 {A30: Symmetrical English: Double Fianchetto and Hedgehog} (6. e3 Bg7 7. d4 O-O 8. Nc3 Ne4 9. Ne2 Nc6 10. Nf4 e6 11. Re1 f5 12. d5 exd5 13. Nxd5 Ne7 14. Nf4 Qc7 15. a4 g5 16. Nh5 g4 {0-1 (29) Svidler,P (2737)-Andreikin,D (2719) St Petersburg 2018}) 6... Bg7 7. b4 O-O 8. Bb2 d6 9. Qb3 Nbd7 10. Nc3 Rb8 $146 ({Predecessor:} 10... e6 11. d3 Qe7 12. Rfd1 d5 13. cxd5 Nxd5 {½-½ (53) Gutman,L (2465)-Rudolph,A (2229) Paderborn 2006}) 11. Rab1 a6 12. Rfc1 e6 13. Ne1 Bxg2 14. Nxg2 b5 15. cxb5 axb5 16. bxc5 Nxc5 17. Qd1 b4 18. axb4 Rxb4 19. Ba3 Rxb1 20. Rxb1 Qa5 21. Bb4 Qb6 22. Ne3 Rc8 23. Ba3 Qa6 24. Bxc5 Rxc5 25. Rb8+ Rc8 26. Qb3 Nd7 27. Rxc8+ Qxc8 28. Nb5 Qc1+ 29. Nf1 d5 30. d4 Nb6 31. e3 Nc4 {[#] Hoping for ...Nd2!} 32. Qd3 {The position is equal.} Bf8 {White must now prevent ...Qb2.} 33. Nc3 $1 Nb2 (33... Qa1 {feels hotter.} 34. Ne2 Bb4 35. Nf4 Bd6 36. Ne2 Qa2) 34. Qd2 Qxd2 35. Nxd2 $11 {[%mdl 4096] Endgame KBN-KNN} Bb4 36. Ncb1 Nc4 37. Nb3 f6 38. Kf1 Kf7 39. Ke2 Ke7 40. Nc1 Kd6 41. Nd3 Ba5 42. h4 e5 43. Nc5 Bb4 44. Nd3 Ba5 45. Nc5 Bb4 {Accuracy: White = 66%, Black = 53%.} 1/2-1/2

[Event "Sydney Open 2019"]
[Site "Sydney"]
[Date "2019.04.26"]
[Round "6.2"]
[White "Ikeda, Junta"]
[Black "Puccini, Jack"]
[Result "1-0"]
[WhiteElo "2441"]
[BlackElo "2261"]
[Annotator "TA"]
[PlyCount "101"]
[EventDate "2019.04.24"]
[EventType "swiss"]
[EventCountry "AUS"]
[SourceTitle "playchess.com"]
[Source "ChessBase"]
[SourceQuality "1"]

{[%evp 20,107,67,41,51,28,39,34,62,60,36,27,55,52,46,37,37,22,29,0,0,-156,-71,-43,0,-171,-152,-175,-161,-197,-199,-198,-193,-294,-132,-135,213,213,209,217,215,213,203,139,239,140,142,143,148,162,608,606,584,524,512,464,443,54,45,45,45,45,45,45,52,55,1281,1223,1282,1216,1062,1022,1347,1364,1333,1299,1295,1354,1303,1297,1232,1224,1681,1508,1781,1466,5077,5077,29974,29975]} 1. d4 Nf6 2. Nf3 g6 3. g3 Bg7 4. Bg2 O-O 5. O-O d6 6. c4 c6 7. Nc3 Qa5 8. h3 Be6 9. Nd2 Qa6 10. d5 cxd5 11. cxd5 Bd7 {E62: King's Indian: Fianchetto: 6...c6 and Panno Variation (6...Nc6) without ...a6} 12. a4 Rc8 (12... Qa5 13. Nb3 Qc7 14. e4 Na6 15. Be3 Qc4 16. Re1 Rfc8 17. Ra3 Be8 18. Bd4 Nd7 19. Bf1 {1-0 (56) Tadic,B (2464)-Sedlak,N (2537) Kragujevac 2016}) 13. e4 Qd3 $146 {White is slightly better.} ({Predecessor:} 13... Qa5 14. Re1 Na6 15. Bf1 Qd8 16. Nc4 Bxh3 17. Bxh3 Rxc4 18. Qe2 Rb4 19. e5 dxe5 {0-1 (46) Sengul,C (2165)-Azaladze,S (2414) Izmir 2011}) 14. Re1 Na6 15. Bf1 Qd4 16. Qe2 Nc5 17. a5 Nh5 18. Kg2 Qb4 19. Qc4 Na6 20. Qe2 $2 (20. Qxb4 $11 Nxb4 21. Rd1) 20... Bxh3+ ({Black should play} 20... Bxc3 21. bxc3 Qxc3) 21. Kxh3 $17 Rxc3 22. Kg2 $2 (22. bxc3 $11 {and White stays safe.} Qxc3 23. Bb2 Qxb2 24. Rab1) 22... Rc2 $19 23. Qd3 Rac8 ({Resist} 23... Bxb2 24. Qxc2 Bxa1 25. Nf3 $15) (23... Qc5 24. Be2 $17) 24. Nf3 Bxb2 ({Don't play} 24... Qc5 25. Be3 $15) 25. Bxb2 Qxb2 26. Reb1 (26. Qd4 $142) 26... Qf6 (26... Rxf2+ $19 {has better winning chances.} 27. Kg1 Qc2 28. Qxc2 Rcxc2) 27. Ra3 R8c3 $2 {[%mdl 8192]} (27... R2c7 $1 $17 28. Qe3 Nc5) 28. Rxc3 $18 Qxc3 29. Qxc3 Rxc3 30. Rxb7 {[%mdl 64] Double Attack} Nc5 31. Rxa7 Ra3 {[#]} (31... Nf6 $16) 32. a6 ({Not} 32. Rxe7 Rxa5 33. e5 Ne4 $14) (32. e5 $1 $18) 32... Nf6 $16 33. Rxe7 Kf8 34. Rc7 {Black must now prevent e5.} Nfxe4 $2 (34... Ncxe4 35. Bc4 Ra1) 35. a7 $18 Kg7 36. Bb5 Ra2 37. Bc6 Rxf2+ 38. Kh3 $2 (38. Kg1 $18) 38... Rxf3 $14 39. a8=Q {Qa1+ is the strong threat.} Rf2 $1 40. Qd8 {aiming for Rc8.} h6 $1 {Threatens to win with ...Ng5+.} 41. Rc8 {[%csl Gc8][%cal Rd8h8]} Ng5+ 42. Kh4 {[%csl Gc8][%cal Rd8h8]} Nf3+ $2 {[%mdl 8192] [#]} (42... Rh2+ $14 43. Kg4 f5+ 44. Kf4 Nge6+ 45. dxe6 Nxe6+ 46. Kf3 Nxd8 47. Rxd8 g5) 43. Kg4 $1 $18 {[%csl Gc8][%cal Rd8h8]} h5+ 44. Kf4 {[%csl Gc8][%cal Rd8h8]} Ne5+ 45. Ke3 {[%csl Gc8][%cal Rd8h8]} Ng4+ 46. Kd4 {[%csl Gc8][%cal Rd8h8]} Rd2+ {[#]} 47. Kc3 $1 {[%csl Gc8][%cal Rd8h8]} Ne4+ 48. Kb4 {[%csl Gc8][%cal Rd8h8]} Kh6 49. Qf8+ {[%mdl 64] Double Attack} Kg5 50. Qxf7 {[%csl Gg3][%cal Rf7f4]} Rf2 51. Qe6 {Played: Qf7-e7} 1-0

[Event "Sydney Open 2019"]
[Site "Sydney"]
[Date "2019.04.26"]
[Round "6.3"]
[White "Song, Raymond"]
[Black "Gong, Daniel Hanwen"]
[Result "1-0"]
[WhiteElo "2329"]
[BlackElo "2246"]
[Annotator "TA"]
[PlyCount "109"]
[EventDate "2019.04.24"]
[EventType "swiss"]
[EventCountry "AUS"]
[SourceTitle "playchess.com"]
[Source "ChessBase"]
[SourceQuality "1"]

{[%evp 13,109,41,58,26,28,23,53,58,53,47,38,56,161,36,37,48,39,27,78,35,101,75,96,89,83,72,94,17,66,50,56,47,75,40,45,40,40,40,40,40,43,43,72,44,50,39,39,39,43,37,42,37,79,46,72,0,70,72,79,79,79,79,79,65,72,47,47,19,18,25,36,25,36,14,15,8,141,131,4770,1955,29959,11656,12850,11201,29951,6609,29966,29966,29981,29982,29982,29983,29983,29984,29984,29985,29985,29985]} 1. d4 Nf6 2. c4 d6 3. Nf3 g6 4. g3 Bg7 5. Bg2 O-O 6. O-O Nc6 7. Nc3 e5 8. dxe5 {E62: King's Indian: Fianchetto: 6...c6 and Panno Variation (6...Nc6) without ...a6} (8. d5 $5 {[%cal Rd5c6]} Ne7 9. e4 $14) 8... Nxe5 (8... dxe5 9. Bg5 Be6 10. Qa4 Qb8 11. Bxf6 Bxf6 12. Nd2 Bg7 13. Rfd1 Rd8 14. Nb3 Nd4 15. Nc5 c6 16. e3 Bg4 17. exd4 exd4 18. N3e4 Bxd1 19. Rxd1 {1-0 (32) Carlsen,M (2835)-Firouzja,A (2607) St Petersburg 2018}) 9. b3 Nfd7 {aiming for ...Nxf3+.} 10. Nxe5 $146 {White is slightly better.} ({Predecessor:} 10. Bb2 a5 11. Qd2 a4 12. Nxe5 Nxe5 13. Nxa4 Nxc4 14. bxc4 Rxa4 15. Bxg7 Kxg7 16. Bxb7 Bxb7 17. Qb2+ Kg8 18. Qxb7 Rxc4 19. Rac1 Ra4 20. Rxc7 Rxa2 {1-0 (46) Murphy,C (2313)-Libiszewski,F (2540) England 2018}) 10... dxe5 11. Ba3 Re8 12. Qd2 Nf8 (12... Bf8 $14 13. Bxf8 Nxf8 14. Qxd8 Rxd8) 13. Rad1 (13. Qxd8 $1 $18 Rxd8 14. Rad1 Rxd1 15. Rxd1) 13... Qxd2 $14 14. Rxd2 Ne6 15. Rfd1 Bf8 (15... f5 $11 {keeps the balance.}) 16. Bb2 Bb4 (16... f5 $14) 17. a3 Bxc3 18. Bxc3 f6 19. e3 Kf7 20. Rd5 (20. b4 $16) 20... Ng7 21. h3 c6 22. R5d2 Be6 23. f4 exf4 24. exf4 h5 25. Kf2 Rac8 26. a4 {[%cal Ba3a4,Ba4a5][%mdl 32]} Rc7 27. a5 Ree7 28. Bb4 (28. a6 $5 {[%cal Rc3b4]}) 28... Red7 29. Bd6 Rc8 30. Bc5 Rxd2+ 31. Rxd2 a6 $1 32. Kf3 Rc7 33. Rd8 {[%csl Gc5][%cal Rd8f8]} Rc8 34. Rd2 (34. Rxc8 {keeps more tension.} Bxc8 35. g4 Bd7 36. Kg3 Ke8 37. Bf3) 34... Rc7 35. g4 hxg4+ 36. hxg4 Rd7 37. Rxd7+ Bxd7 $16 {[%mdl 4096] Endgame KBB-KBN} 38. Kg3 Be6 39. Bf3 f5 40. gxf5 Bxf5 41. Be2 Ne6 42. Be3 Be4 43. Kf2 Kf6 44. Bf1 g5 (44... c5 $11) 45. fxg5+ Nxg5 $2 {[%mdl 8192]} (45... Kg6 $16 46. Kg3 Nxg5) 46. Bxg5+ $18 Kxg5 $16 {KB-KB} 47. Ke3 Bc2 {[#]} 48. Kd4 $1 {[%cal Rd4c5]} Kf6 {[#]} 49. Kc5 $1 {[%cal Rc5b6]} Ke7 50. Kb6 {White mates.} Bxb3 51. c5 Kd8 52. Kxb7 Be6 53. Bxa6 Bc8+ 54. Kb6 Bd7 55. Bb7 {Accuracy: White = 50%, Black = 31%.} 1-0

[Event "Sydney Open 2019"]
[Site "Sydney"]
[Date "2019.04.26"]
[Round "6.4"]
[White "Lane, Gary W"]
[Black "Zhang, Jilin"]
[Result "1-0"]
[WhiteElo "2357"]
[BlackElo "2243"]
[Annotator "TA"]
[PlyCount "47"]
[EventDate "2019.04.24"]
[EventType "swiss"]
[EventCountry "AUS"]
[SourceTitle "playchess.com"]
[Source "ChessBase"]
[SourceQuality "1"]

{[%evp 11,59,8,14,4,24,16,34,26,20,21,31,31,40,39,33,39,36,16,21,17,77,67,79,67,158,100,104,96,123,81,67,38,112,110,104,101,271,275,497,490,498,487,443,478,489,487,486,480,454,454]} 1. e4 c5 2. Nf3 d6 3. d4 cxd4 4. Qxd4 Nc6 5. Bb5 Bd7 6. Qd3 Nf6 7. c4 {B53: Sicilian: 2...d6: Lines with Qxd4} e6 8. Nc3 Be7 9. O-O {White is slightly better.} O-O 10. Bxc6 Bxc6 11. Nd4 Nd7 $146 ({Predecessor:} 11... Qa5 12. b3 Rfd8 13. Bb2 Qh5 14. f4 d5 15. cxd5 {½-½ (60) Ponomariov,R (2712)-Kozul,Z (2617) Minsk 2017}) 12. Rd1 Qa5 13. Be3 Rac8 14. f4 Rfe8 15. Rab1 d5 (15... Nf6 $11 {remains equal.}) 16. exd5 exd5 17. cxd5 Bxd5 {[#]} ({Black should try} 17... Ba4 $1 $14) 18. b4 $1 {[%mdl 512]} Rxc3 $16 {[%mdl 64] Remove Defender} (18... Bxb4 19. Nxd5) 19. Qxc3 Qxa2 {[%csl Gd5][%cal Ra2g2]} 20. Rb2 Qa4 21. Re1 (21. Qc2 $5 {[%cal Rc2a4]} Nb6 22. Nf5 $14) 21... Bh4 {[#]} (21... Bf8 $14) 22. Nf5 $1 {[%csl Gf5][%cal Rc3g7][%mdl 512]} Bf6 23. Bd4 $40 {[%mdl 128] White wants a kill.} Be6 $2 {[#]} (23... Rxe1+ $16 24. Qxe1 Bxd4+ 25. Nxd4 Nf6) 24. Rd2 {Played: Nf5-h6} 1-0